Modern eloquence; a library of the world’s best spoken thought (Record no. 41697)

MARC details
000 -LEADER
fixed length control field 00396nam a2200157Ia 4500
050 ## - CALL MARK
Classification number PN 6121 .M63/
245 #0 - TITLE STATEMENT
Title Modern eloquence; a library of the world’s best spoken thought
250 ## - EDITION / VOLUME STATEMENT
Edition / Volume statement revised ed.
260 ## - PUBLICATION, DISTRIBUTION, ETC. (IMPRINT)
Place of publication New York
260 ## - PUBLICATION, DISTRIBUTION, ETC. (IMPRINT)
Name of publisher P. F. Collier
260 ## - PUBLICATION, DISTRIBUTION, ETC. (IMPRINT)
Year of publication 1941
650 ## - SUBJECT ADDED ENTRY--TOPICAL TERM
Topical Term New York
942 ## - ADDED ENTRY ELEMENTS (KOHA)
Koha item type Books
Holdings
Withdrawn status Lost status Source of classification or shelving scheme Damaged status Not for loan Permanent Location Current Location Shelving location Date acquired Accession Number Price effective from Koha item type
    Library of Congress Classification     NILE UNIVERSITY OF NIGERIA - MAIN LIBRARY NILE UNIVERSITY OF NIGERIA - MAIN LIBRARY Items on shelf 06/03/2025 0005630 06/03/2025 Books
    Library of Congress Classification     NILE UNIVERSITY OF NIGERIA - MAIN LIBRARY NILE UNIVERSITY OF NIGERIA - MAIN LIBRARY Items on shelf 06/03/2025 0005631 06/03/2025 Books
    Library of Congress Classification     NILE UNIVERSITY OF NIGERIA - MAIN LIBRARY NILE UNIVERSITY OF NIGERIA - MAIN LIBRARY Items on shelf 06/03/2025 0005632 06/03/2025 Books